[Event "Interzonal-15"]
[Site "Manila"]
[Date "1990.??.??"]
[Round "13"]
[White "Damljanovic, Branko"]
[Black "Ljubojevic, Ljubomir"]
[Result "1/2-1/2"]
[WhiteElo "2515"]
[BlackElo "2600"]
[Annotator "Ribli,Z"]
[PlyCount "82"]
[EventDate "1990.06.29"]
[EventType "swiss"]
[EventRounds "13"]
[EventCountry "PHI"]
[SourceTitle "CBM 019"]
[Source "ChessBase"]
[SourceDate "1990.12.01"]
[SourceVersion "1"]
[SourceVersionDate "1990.12.01"]
[SourceQuality "1"]

1. Nf3 c5 2. c4 Nf6 3. Nc3 e6 4. g3 b6 5. Bg2 Bb7 6. O-O Be7 7. b3 O-O 8. Bb2
d5 9. e3 dxc4 $5 (9... Nc6 10. cxd5 $5 $14) 10. bxc4 Nc6 11. Qe2 Qd7 $5 (11...
Qc7 12. d3 a6 13. Rab1 Rab8 14. Rfd1 Na5 15. Ba1 Nd7 16. h3 $5 {
Pigusov-Cvetkovic Aosta 1989 48/6} (16. a4 $5 Rfd8 17. h4 Bc6 18. Ne1 {
Damljanovic,B-Cvetkovic,Sr Jug ch 1990 CBM 17})) (11... Rc8 12. Rfd1 Qc7 13.
Rab1 Qb8 14. d3 Rfd8 15. h3 Qa8 16. Ne1 {Hansen,LB-Filipowicz,A Warsaw 1990
CBM/17}) (11... a6 {/\Rb8}) (11... Qc7) (11... Nb4 $1 12. Ne1 Bxg2 13. Kxg2 Qd7
14. a3 Nc6 15. Rd1 Qb7 16. Kg1 a6 17. a4 Ne8 18. f4 Nd6 19. Rb1 Bf6 20. Nf3
Rfd8 $10 {Bagirov,V-Psakhis,L,Amsterdam OHRA-B 1989}) 12. Rfd1 Rad8 13. d4 (13.
d3 $5) 13... cxd4 14. exd4 Na5 (14... Qc8 $5 15. Rac1 Na5 16. Nb5 a6 17. Na3
Rfe8 $13 {Busch,K-Gyorkos,L,Tapolca 1989}) 15. Rac1 (15. d5 $6 exd5 16. Nxd5
Nxd5 17. cxd5 Rfe8 $15 {/\} 18. Ne5 Bd6 $1) 15... Rfe8 16. Nb5 a6 17. Nc3 Rc8 (
17... Qc8 18. Na4 (18. Ne5 Bxg2 19. Kxg2 Nd7 $10) 18... Qc6 19. Qc2 b5 $10) 18.
Ne5 Qc7 19. Ne4 Nxe4 20. Bxe4 Bxe4 21. Qxe4 Bd6 (21... Bf6 $5 22. d5 Nb7) 22.
d5 f6 (22... exd5 $6 23. cxd5 Qe7 24. Qf5 Rxc1 25. Rxc1 $36 {/\Nc6}) 23. Nf3 e5
(23... Nxc4 24. dxe6 b5 $5 25. Bd4 $36) 24. Nd2 Qd7 (24... Nb7 $5) 25. Bc3 Nb7
26. Qb1 Bc5 (26... b5 $5 27. cxb5 axb5 28. Ne4 Rc4 $132) 27. Bb4 (27. Ne4 Nd6
$1 28. Nxc5 bxc5 $15) 27... e4 (27... Nd6 28. Bxc5 bxc5 29. Ne4 $14) 28. Bxc5
Nxc5 29. Qxb6 e3 30. fxe3 Rxe3 $44 31. Nb3 Re2 (31... Qh3 $1 32. Nxc5 Rxg3+ $10
) 32. Nd4 (32. Nxc5 $2 Qh3 $1 $19) 32... Rxa2 33. Qb1 $1 (33. Nc6 $2 Qh3) (33.
Ne6 $5 Re2 34. Re1 Rxe1+ 35. Rxe1 Nxe6 36. dxe6 Qd2 $132) 33... Qa4 34. Qf5 Rb8
35. Re1 (35. Nc6 $1 $18 Rbb2 36. Qc8+ Kf7 37. Nd8+ Ke7 (37... Kg6 38. Qg4+ Kh6
39. Nf7#) (37... Kg8 38. Ne6+ Kf7 39. Qf8+) 38. Re1+ Re2 39. Rxe2+ Rxe2 40.
Qxc5+ Kxd8 41. Rb1 $18) 35... Rbb2 36. Qc8+ Kf7 37. Re7+ $1 Kxe7 38. Nf5+ $1
Kf7 39. Nd6+ Ke7 (39... Kg6 $2 40. Qg4+ Kh6 41. Nf5# $18) 40. Nf5+ Kf7 41. Nd6+
Ke7 1/2-1/2

[Event "Biel-B"]
[Site "Biel"]
[Date "1990.??.??"]
[Round "9"]
[White "Landenbergue, Claude"]
[Black "Ioseliani, Nana"]
[Result "1/2-1/2"]
[WhiteElo "2380"]
[BlackElo "2480"]
[Annotator "Ribli,Z"]
[PlyCount "106"]
[EventDate "1990.07.??"]
[EventType "tourn"]
[EventRounds "11"]
[EventCountry "SUI"]
[EventCategory "10"]
[SourceTitle "CBM 019"]
[Source "ChessBase"]
[SourceDate "1990.12.01"]
[SourceVersion "1"]
[SourceVersionDate "1990.12.01"]
[SourceQuality "1"]

1. Nf3 d5 2. g3 Nf6 3. Bg2 e6 4. O-O Be7 5. b3 O-O 6. c4 a5 7. Bb2 a4 8. Na3 (
8. bxa4 Nbd7 9. cxd5 exd5 10. Bxf6 Bxf6 11. d4 c6 12. e3 Qa5 13. Bh3 Qxa4 {
Klinger,J-Huss,A Luzern 1989 CBM 16}) 8... c6 9. Qc1 Na6 10. d3 Bd6 11. Nc2 Qe7
12. Be5 Bxe5 13. Nxe5 Nd7 14. Nxd7 Bxd7 15. b4 b5 (15... Nxb4 16. Nxb4 Qxb4 17.
Rb1) 16. a3 Rac8 17. c5 e5 18. e4 dxe4 (18... d4 19. f4 $5) 19. dxe4 Nc7 20.
Qb2 Rcd8 21. Ne3 g6 22. Rad1 Bc8 23. Rfe1 f6 24. f4 exf4 25. gxf4 Ne6 26. Rxd8
Qxd8 (26... Rxd8 27. Nd5 $1 cxd5 28. exd5) 27. Rd1 Qe7 28. Qa2 Kg7 29. Qf2 Rd8
30. Re1 Qc7 31. Rf1 Rd3 32. f5 Nf4 33. Qxf4 Qxf4 34. Rxf4 Rxe3 35. Rf3 Rb3 36.
Kf2 Rb2+ 37. Kg3 Rd2 38. h4 Kf7 39. Re3 Rd4 40. Bf3 Bd7 41. Re1 Ke7 42. Rd1 Rc4
43. Rd3 gxf5 44. exf5 Bxf5 45. Rd6 Rc3 46. Kf2 Bd7 47. Bxc6 Bxc6 48. Rxc6 Rxa3
49. Rb6 Ra1 50. Rxb5 a3 51. Ra5 a2 52. Kg2 f5 53. b5 f4 {Ribli} 1/2-1/2

[Event "Buenos Aires Najdorf"]
[Site "Buenos Aires"]
[Date "1991.??.??"]
[Round "10"]
[White "Tal, Mihail"]
[Black "Adams, Michael"]
[Result "1/2-1/2"]
[WhiteElo "2565"]
[BlackElo "2600"]
[Annotator "Ribli,Z"]
[PlyCount "27"]
[EventDate "1991.04.??"]
[EventType "tourn"]
[EventRounds "13"]
[EventCountry "ARG"]
[EventCategory "11"]
[SourceTitle "CBM 024"]
[Source "ChessBase"]
[SourceDate "1991.10.01"]
[SourceVersion "1"]
[SourceVersionDate "1991.10.01"]
[SourceQuality "1"]

1. Nf3 Nf6 2. c4 b6 3. g3 c5 4. Bg2 Bb7 5. O-O e6 6. b3 Be7 7. Bb2 O-O 8. e3 d5
9. Qe2 Nbd7 10. Nc3 Ne4 11. cxd5 (11. Rfd1 $5 Nxc3 12. Bxc3 Bf6 13. cxd5 Bxd5
14. d4 cxd4 15. Nxd4 Bxg2 16. Kxg2 Rc8 17. Rac1 Bxd4 18. Bxd4 Qe7 19. Qa6 e5
20. Bb2 Nc5 21. Ba3 $14 {Dizdar,G-Naumkin,I Vokresenk 1990 CBM/19}) 11... Nxc3
12. dxc3 (12. Bxc3 $5) 12... Bxd5 13. c4 Bc6 14. Rfd1 1/2-1/2

[Event "American Continental 3rd"]
[Site "Buenos Aires"]
[Date "2005.08.08"]
[Round "3"]
[White "Sunye Neto, Jaime"]
[Black "Bruzon Batista, Lazaro"]
[Result "0-1"]
[WhiteElo "2530"]
[BlackElo "2662"]
[Annotator "Ribli,Z"]
[PlyCount "68"]
[EventDate "2005.08.06"]
[EventType "swiss"]
[EventRounds "11"]
[EventCountry "ARG"]
[SourceTitle "CBM 109"]
[Source "ChessBase"]
[SourceDate "2005.11.14"]
[SourceVersion "1"]
[SourceVersionDate "2005.11.14"]
[SourceQuality "1"]

1. c4 e6 2. Nf3 d5 3. b3 {Dies ist eine, wenn auch sichere, so doch wenig
ambitionierte Fortsetzung. Konsequenter wäre 3.d4.} Nf6 4. Bb2 Be7 5. g3 O-O 6.
Bg2 b6 7. O-O Bb7 8. e3 Nbd7 {Das ist eine sehr elastische Spielweise von
Schwarz, denn nachfolgend kann er c7-c5 und Rc8 mit bequemer Stellung spielen.}
9. Nc3 c5 10. Qe2 (10. cxd5 Nxd5 (10... exd5 $6 11. d4 $14) 11. Nxd5 Bxd5 12.
d4 Bf6 13. Qe2 $11) 10... Rc8 (10... Ne4 $11) 11. d3 a6 (11... Qc7 12. e4 d4
13. Nb1 $6 (13. Nb5 $1 $11) 13... Ne8 14. Ne1 e5 15. f4 $6 g6 (15... exf4 16.
gxf4 g6 $5) 16. f5 Bg5 17. h4 Be3+ 18. Kh2 gxf5 $1 {0-1 Polugaevsky,
L-Petrosian,T/USSR 9/21 1970/[Petrosian,T] (36)}) 12. Rac1 Rc7 (12... Qc7 $5
13. e4 (13. Rfd1 Qb8 14. cxd5 Nxd5 15. Nxd5 Bxd5 16. e4 Bb7 17. d4 $11) 13...
d4 14. Nb1 g6 15. Nbd2 e5 16. Kh1 Nh5) 13. Rfe1 (13. Rfd1) 13... Qb8 $11 {
Schwarz hat mindestens eine ausgeglichene Stellung aufgrund des festen
Zentrums. Weiß verfügt zwar das Läuferpaar auf den großen Diagonalen, aber
keinen Eröffnungsvorteil.} 14. e4 $6 {Mit diesem Zug möchte Weiß die
Zentrumstellung festigen, aber diese Fortsetzung gibt dem Gegner dauerhaften
Raumvorteil und Initiative.} (14. cxd5 Nxd5 15. Nxd5 Bxd5 16. e4 Bb7 17. d4 $11
) 14... d4 15. Nb1 e5 $15 {[%csl Rb2] Diese Stellung weist Parallelen zur
Königsindischen Verteidigung (mit umgekehrten Farben) auf, mit dem Unterschied,
dass der Bb2 schrecklich passiv steht.} 16. Bh3 $6 {Der Laufer verlässt die
Diagonale h1-a8. Nach meiner Meinung wäre es besser ,die b2-Lauferstellung mit
16.Rc2 und 17.Bc1 zu verbessern.} (16. Rc2 $142) 16... Ne8 $1 {[%cal Ge8d6]
[%mdl 32] Der Springer zielt auf das Schlüsselfeld d6, wonach Schwarz entweder
am Damenflügel mit b6-b5 oder am Königsflügel mit f7-f5 fortsetzen kann. Die
Stellung ist zwar geschlossen, aber Schwarz besitzt die Initiative.} 17. Rc2
Bf6 18. Bc1 {Endlich verbessert Weiß die Stellung seines bisher
eingeschlossenen Läufers.} Nd6 19. Nbd2 g6 20. a3 Bg7 {[%cal Gf7f5]} 21. Bxd7 (
21. Bg2 f5 22. Ng5 Re8 $15) 21... Rxd7 22. b4 {Weiß versucht am Damenflügel
Gegenspiel zu entwickeln, aber früher oder später kann Schwarz die
Königsstellung mit f7-f5 öffnen.} Qc8 (22... Qc7) 23. bxc5 bxc5 24. Nh4 f5 $1
$17 25. f3 Rdf7 {[%csl Gf7,Gf8,Rg1][%cal Gf8f1] Die schwarzen Türme stehen
sehr stark auf der f-Linie: der Zielpunkt des schwarzen Spiels ist der weiße
König.} 26. Nb3 Qc7 {[%cal Gb7c8,Gc8h3] Die Dame macht Platz, damit der Läufer
nach c8 ziehen kann.} 27. a4 Bc8 28. Ba3 Nb7 {Der Pc5 ist verteidigt, sodass
das weiße Gegenspiel am Damenflügel zum Erliegen kommt.} 29. Bc1 Bd7 30. Ra2
fxe4 31. fxe4 (31. dxe4 Be6 $17 {[%cal Gb7d6]}) 31... Bh3 {[%csl Gh3][%mdl
2048] Schwarz besitzt ausgezeichnetes Figurenspiel, da die weißen Felder am
Königsflügel sehr schwach sind.} 32. Ng2 Nd8 {[%cal Gd8e6]} 33. Bd2 Ne6 (33...
Rf2 34. Qxf2 Rxf2 35. Kxf2 Qf7+ 36. Kg1 Qf3 $19) 34. Raa1 Rf2 $1 $19 (34... Rf2
35. Qxf2 Rxf2 36. Kxf2 Qf7+ 37. Kg1 Qf3 38. Nh4 Qxd3 $19) 0-1

[Event "Sydney Mercantile"]
[Site "Sydney"]
[Date "1991.??.??"]
[Round "2"]
[White "Ftacnik, Lubomir"]
[Black "Solomon, Stephen J"]
[Result "1-0"]
[WhiteElo "2590"]
[BlackElo "2420"]
[Annotator "Ribli,Z"]
[PlyCount "89"]
[EventDate "1991.04.??"]
[EventType "tourn"]
[EventRounds "9"]
[EventCountry "AUS"]
[EventCategory "10"]
[SourceTitle "CBM 023"]
[Source "ChessBase"]
[SourceDate "1991.08.01"]
[SourceVersion "1"]
[SourceVersionDate "1991.08.01"]
[SourceQuality "1"]

1. Nf3 Nf6 2. c4 e6 3. g3 d5 4. b3 c5 5. Bg2 Nc6 6. Bb2 Be7 7. O-O $2 (7. cxd5
$1 exd5 8. d4) 7... O-O $2 (7... d4 $1) 8. e3 b6 9. Qe2 Bb7 10. Rd1 Qc7 11. Nc3
Rac8 (11... dxc4 $1) (11... Rfd8 12. cxd5 Nxd5 13. Nxd5 Rxd5 14. d4 Rd7 15.
dxc5 Bxc5 16. Ng5 Rxd1+ 17. Rxd1 h6 18. Ne4 Bf8 19. Nf6+ $1 gxf6 20. Qg4+ Kh7
21. Be4+ f5 22. Bxf5+ exf5 23. Qxf5+ Kg8 24. Rd7 Qxd7 25. Qxd7 Rb8 26. Qg4+ Kh7
27. Qf5+ $18 {1-0 Szabo,L-Padevski Amsterdam 1972 13/592}) 12. Rac1 Rfd8 $2 (
12... dxc4 13. bxc4 Qb8 14. Ne1 Rfd8 15. d3 Nb4 16. Bh3 $13 {
Tukmakov-Petrosian,A Erevan 1976 21/35}) 13. cxd5 Nxd5 14. Nxd5 Rxd5 15. d4 Rd7
16. dxc5 Bxc5 17. Ng5 h6 18. Ne4 Rxd1+ 19. Rxd1 Be7 $1 20. Rc1 f5 21. Nc3 Ne5
22. Nd1 $1 Qb8 23. Rxc8+ Bxc8 24. e4 Qd6 25. exf5 Ba6 26. Bxe5 Bxe2 27. Bxd6
Bxd6 28. Nc3 Bg4 29. fxe6 Bxe6 30. Bd5 $1 Kf7 31. Kf1 Bxd5 32. Nxd5 Ke6 33. Ne3
b5 34. Ke2 h5 35. Kd3 h4 36. Ke4 hxg3 37. hxg3 Bc5 38. f4 g6 39. Nd5 Bd6 40. g4
a6 41. Nc3 Ba3 42. Nd1 Kd6 43. Nf2 a5 44. Nd3 a4 45. b4 1-0

[Event "Bundesliga 0405"]
[Site "Germany"]
[Date "2005.01.29"]
[Round "8.2"]
[White "Hickl, Joerg"]
[Black "Johannessen, Leif Erlend"]
[Result "1-0"]
[WhiteElo "2530"]
[BlackElo "2519"]
[Annotator "Ribli,Z"]
[PlyCount "111"]
[EventDate "2004.11.12"]
[EventType "team-tourn"]
[EventRounds "15"]
[EventCountry "GER"]
[SourceTitle "CBM 106"]
[Source "ChessBase"]
[SourceDate "2005.06.06"]
[SourceVersion "1"]
[SourceVersionDate "2005.06.06"]
[SourceQuality "1"]
[WhiteTeam "Hofheim"]
[BlackTeam "Wattenscheid"]
[WhiteTeamCountry "GER"]
[BlackTeamCountry "GER"]

1. g3 {Der deutsche Großmeister eröffnet oft mit diesem Zug.} d5 2. Nf3 Nf6 3.
c4 e6 4. Bg2 Be7 5. b3 O-O 6. Bb2 c5 (6... b6 7. O-O Bb7 8. e3 Nbd7 9. Nc3 Ne4)
7. O-O Nc6 8. e3 b6 9. Nc3 dxc4 (9... Bb7 $6 {Dieser natürlich aussehende
Entwicklungszug wäre nicht die beste Fortsetzung für Schwarz.} 10. cxd5 Nxd5
11. Nxd5 Qxd5 12. d4 $14) 10. bxc4 Bb7 11. Qe2 Nb4 $6 {Diese Fortsetzung wurde
auch schon von Kramnik gespielt, aber sie gefällt mir nicht. Schwarz zielt
zwar auf das Feld d3, aber Weiß bekommt die Initiative.} (11... Rc8) (11... Qc7
$5) 12. d4 $1 {Das ist die konsequente Fortsetzung, und der Springer steht
schlecht auf b4.} (12. Ne1 Bxg2 13. Kxg2 Qd7 14. d3 Rfd8 15. Rd1 a6 16. Kg1 Qb7
17. a3 Nc6 18. a4 Rd7 19. f4 Rad8 20. Nf3 Ng4 {0-1 Bareev,E-Kramnik,V/Monte
Carlo MNC 2004/(34)}) (12. Ne5 Bxg2 13. Kxg2 Nd7 14. Nf3 Bf6 15. Rfd1 Qb8 16.
d3 Qb7 {0-1 Sprotte,N-Haba,P/Aschach 2000/CBM 79 ext (35)}) 12... cxd4 13. exd4
Rc8 14. Rfd1 {[%csl Gc4,Gd4] Obwohl Weiß zwei "hängende" Bauern auf c4 und d4
hat beschränken sie den Wirkungskreis der schwarzen Figuren.} Re8 (14... Qc7
15. a3 Na6 16. d5 exd5 17. cxd5 Rfe8 18. Qf1 Qb8 19. Nd4 Nc5 20. Nc6 $36 {
1/2-1/2 Kharitonov,A-Dvoirys,S/Hoogeveen NED 2000/(35)}) 15. Rac1 (15. a3 Nc6
16. Ne5 Qc7 17. Nb5 Qb8 18. d5 $14) 15... Bf8 16. a3 Nc6 17. Ne5 Qc7 18. Nb5 $1
$146 (18. Nxc6 Bxc6 19. Ne4 Nxe4 20. Bxe4 Bxe4 21. Qxe4 Qc6 $11 {0-1 Bogza,
A-Meijers,V/La Fere FRA 2004/(38)}) 18... Qb8 19. c5 $5 $14 {Mit diesem Zug
erhält Weiß die Initiative.} (19. Nxc6 Bxc6 20. Bxc6 Rxc6 21. Qf3 Rcc8 22. d5
e5 $13) 19... Nd5 $2 {Schwarz besetzt das Feld d5, aber dieser Springerzug
kommt zu früh.} (19... Nxe5 $1 20. dxe5 Bxg2 (20... Nd5 21. Nd6 Bxd6 22. cxd6
$16) 21. Kxg2 Nd5 (21... Qb7+ 22. Kg1 Nd5 23. Nd6 Bxd6 24. cxd6 $14) 22. Nd6
Bxd6 23. cxd6 Qb7 24. Kg1 $14) 20. Nd7 Qa8 21. Qg4 {[%csl Gb5,Gd7,Gg2,Gg4]
[%mdl 2048] Die weiße Drohung ist 22.Bxd5 exd5 23.Nf6+.} (21. Nxf8 Rxf8 22. Nd6
$16) 21... Rcd8 (21... f5 22. Qh5 $16) 22. Nxf8 Rxf8 23. Nd6 {[%csl Gd6]} Na5
$6 {Dieser Springerzug gefällt mir nicht, da sich der Na5 weit vom
Hauptkriegsschauplatz entfernt.} (23... Nce7 $142 $14) 24. Nxb7 Qxb7 (24...
Nxb7 25. Bc3 $16) 25. Bc3 $1 {[%cal Rc3a5,Gc3d2,Gd2h6] Es droht 26.Bxc5 mit
positionellem Vorteil. Darüber hinaus kann Weiß den Läufer auf der Diagonale
c1-h6 ins Spiel bringen..} Nc6 (25... Nc4 26. Bb4 $14) 26. Bd2 {[%cal Rd2h6,
Rh6g7]} Kh8 27. Bf4 {[%csl Yd6][%cal Gf4d6]} Rfe8 (27... Nxf4 28. Qxf4 $16) 28.
Bd6 $16 {[%csl Gd6,Gg2] Weiß verfügt über ein aktives Figurenspiel und
Läuferpaar.} Nce7 29. Qh5 Kg8 30. Be4 h6 (30... g6 31. Qf3 $16 (31. Qh6 Nf5 32.
Bxf5 exf5 $14)) 31. g4 f6 32. Re1 Qd7 33. h4 $40 {[%cal Gg4g5]} bxc5 (33... e5
34. g5 $40) 34. dxc5 e5 35. g5 Nf4 36. Qf3 hxg5 $6 {Mit der Öffnung der
h-Linie verschafft Schwarz Weiß einen Vorteil.} (36... Nf5 37. gxf6 Nxd6 38.
cxd6 Qxd6 39. Rc6 Qf8 $11) 37. hxg5 Nf5 (37... Nh3+ 38. Kh2 Nxg5 39. Qb3+ Kf8 (
39... Kh8 40. Rh1 $40 {[%cal Rh1h8]}) 40. Bg2 $44 (40. Bg6 Qg4 $19)) 38. gxf6 (
38. Qb3+ Kh8 39. g6 Nxd6 40. cxd6 Qg4+ 41. Qg3 Qxg3+ 42. fxg3 Ne6 43. Rc6 $16)
38... Nd4 (38... gxf6 $2 39. Qg4+ Ng7 40. Qxd7 Rxd7 41. Bc6 $18) (38... Nxd6
39. cxd6 Qxd6 40. Rc6 $36) 39. Bd5+ Kh8 $2 (39... Nxd5 40. Qxd5+ Qf7 41. Qe4
Qxf6 (41... gxf6 42. Re3 $18) 42. Rc3 $16) 40. Qh1+ $1 $18 {[%csl Gd5,Gd6,Gh1,
Rh8][%cal Rh1h8][%mdl 128] In dieser konkreten Stellung ist das Feld h1 der
beste Platz für die Dame.} Nh3+ (40... Qh3 41. Qxh3+ Nxh3+ 42. Kh2 Nf4 43. Rxe5
Rxe5 44. fxg7+ $18) 41. Kf1 Qf5 42. fxg7+ (42. Qh2 gxf6 (42... Qd3+ 43. Kg2 $18
) 43. Re3 $18) 42... Kxg7 43. Qg2+ Kf6 44. Be4 (44. Qg3 $18) 44... Qh5 45. Qh2
Rg8 46. Bg2 (46. Bxe5+ Qxe5 47. Qxh3 Qg5 48. Bg2 $16) 46... Rxd6 {Mit diesem
Qualitätsopfer kann Schwarz die Partie verlängern.} (46... Nf3 47. Bxf3 Qxf3
48. Qxe5+ Kg6 49. Qe4+ Qxe4 50. Rxe4 $18) 47. cxd6 Rxg2 (47... Nf4 48. Qxh5
Nxh5 49. d7 Rd8 50. Bh3 Nf4 51. Rc8 Nde6 52. Bxe6 Nxe6 53. Rxd8 Nxd8 54. f4 $18
) 48. Qxg2 Nf4 49. d7 Nde6 50. Rc6 Kf7 (50... Nxg2 51. d8=Q+ $18) 51. d8=Q Nxd8
52. Rc7+ Ke6 53. Qg8+ Nf7 54. Qxf7+ {Der einfachste Weg zum Sieg.} (54. Qe8+
Kf6 55. Qe7+ Kg7 56. Qxe5+ $18) 54... Qxf7 55. Rxf7 Kxf7 56. Rxe5 1-0

[Event "Moscow Aeroflot op-A"]
[Site "Moscow"]
[Date "2004.02.24"]
[Round "8"]
[White "Minasian, Artashes"]
[Black "Graf, Alexander"]
[Result "0-1"]
[WhiteElo "2582"]
[BlackElo "2629"]
[Annotator "Ribli,Z"]
[PlyCount "78"]
[EventDate "2004.02.17"]
[EventType "swiss"]
[EventRounds "9"]
[EventCountry "RUS"]
[SourceTitle "CBM 100"]
[Source "ChessBase"]
[SourceDate "2004.06.01"]
[SourceVersion "1"]
[SourceVersionDate "2004.06.01"]
[SourceQuality "1"]

1. Nf3 d5 2. g3 Nf6 3. Bg2 e6 {Statt dieser Fortsetzung ist der Aufbau mit 3...
c6 und in folgendem Bf5, oder Bg4 populärer.} 4. O-O Be7 5. d3 c5 6. c4 {
Das ist eine seltene Fortsetzung - gewöhnlich spielt Weiß 6.Nbd2 und 7.e4, was
zum Königsindischen Angrif führt. Das ist eigentlich die Königsindische
Verteidigung für Weiß, aber mit Tempoplus.} O-O 7. Nc3 Nc6 8. Bf4 (8. Bd2 d4 9.
Na4 e5 10. a3 Re8 11. b4 cxb4 12. axb4 Bxb4 13. Bxb4 Nxb4 14. Qb3 a5 15. Rfb1
Rb8 16. Nd2 b6 17. c5 bxc5 18. Nxc5 Na6 19. Qc4 $44 {1-0 Krutti,V-Parkanyi,A/
Zalakaros 1992/EXT 97 (54)}) (8. e4 d4 $5 (8... dxc4 9. dxc4 e5 $11)) 8... d4
$11 {Das ist die prinzipielle Fortsetzung - Schwarz gewinnt Raum im Zentrum
mit Tempo.} (8... b6 9. Ne5 Bb7 $11) 9. Na4 (9. Nb5 a6 10. Na3 Bd6 11. Bg5 e5
12. Nd2 h6 13. Bxf6 Qxf6 14. Nc2 Bd7 15. a3 Rab8 16. Ne4 Qg6 17. Qd2 Be7 18. b4
b6 19. Qd1 Nd8 20. Ne1 Bc6 21. bxc5 f5 22. Nd2 Bxc5 {0-1 Reinhardt,
B-Brueggemann,J/Germany 1996/GER-chT (50)}) 9... Bd6 (9... Nh5 $11) 10. e3 (10.
Bxd6 Qxd6 $11) (10. Bg5) 10... e5 (10... Bxf4 $6 11. exf4 $14 {In diesem Fall
wäre es schwer für Schwarz die Fortsetzung e6-e5 durchzusetzen.}) 11. Bg5 Bd7 {
Wir haben eine typische Stellung aus der Königsindischen Verteidigung, aber
mit umgekehrten Farben. Schwarz hat eine starke Zentrumstellung und
Raumvorteil.} (11... h6 12. Bxf6 Qxf6 13. exd4 exd4 14. Nd2 $13) 12. exd4 exd4
(12... cxd4 13. Nd2 $13) 13. Nd2 b6 14. a3 (14. Ne4 Be7 15. Bf4 $11) 14... h6
15. Bxf6 Qxf6 $15 {[%csl Ra4] Schwarz hat Raumvorteil und es ist nicht klar,
wie Weiß seinen a4N ins Spiel bringen kann.} 16. f4 (16. Ne4 Qg6 17. Nxd6 (17.
f4 Be7 $15) 17... Qxd6 $15) 16... Be7 17. Rb1 (17. f5 Rae8 $15) (17. b3 $5 $15
{[%cal Ga4b2]}) 17... Rac8 {Schwarz verlässt mit dem Turm die Diagonale h1-a8,
so dass Weiß nicht b2-b4 ziehen kann.} 18. Be4 Qd6 {[%cal Gf7f5] Die schwarze
positionelle Drohung ist 19...f5.} 19. Bd5 {[%cal Gd5g8]} Kh7 20. f5 {Das ist
die einzige Verteidigung gegen 20...f5. Weiß spielt von selbst 20.f5. Aber im
folgenden werden die dunklen Felder schwach in der weißen Stellung.} (20. Ne4
Qg6 $17) 20... Bg5 $1 {[%csl Ye3][%cal Gg5e3,Ge3g1][%mdl 32]} 21. Ne4 Be3+ {
[%csl Ge3] Der e3B steht ausgezeichnet und es ist nicht leicht für Weiß den
Läufer von e3 zu verjagen.} (21... Qe7 22. Nxg5+ (22. f6 gxf6 $17 (22... Bxf6
23. Nxf6+ gxf6 24. Qd2 $44)) 22... Qxg5 23. b4 cxb4 24. axb4 Ne7 $17) 22. Kg2
Qe5 (22... Qc7 $15) 23. f6 g6 24. b4 {Endlich konnte Weiß den Befreiungszug am
Damenflügel spielen.} cxb4 25. axb4 Be6 $1 {Schwarz möchte die stärkste weiße
Figur tauschen.} 26. Bxe6 (26. b5 Bxd5 27. cxd5 Na5 28. d6 Qd5 $17 {[%cal
Ga5b7,Gb7d6]}) 26... Qxe6 27. b5 Ne5 {Jetzt droht schon 28...Nxc4 mit
Bauerngewinn.} 28. Nb2 (28. c5 bxc5 29. Naxc5 Qd5 $17) 28... Rfe8 29. Ra1 Qd7
$1 {[%cal Gd7b7,Gb7g2]} (29... Rc7 $15) 30. Ra3 (30. h4 {[%cal Gh4h5]} h5 $15)
30... Qb7 {Nach diesem Zug hat Weiß eigentlich keine Verteidigung gegen 31...
Nxd3.} 31. Qe2 {[#]} Nxd3 $1 $17 {[%csl Re4,Rg2][%cal Rb7g2][%mdl 64] Mit
dieser kleinen Kombination gewinnt Schwarz einen Bauern und was auch sehr
wichtig ist, dass Schwarz danach mit seinen Figuren in die weiße Stellung
eindringen kann.} 32. Nxd3 Rxe4 (32... Qxe4+ 33. Qf3 Qxf3+ 34. Kxf3 (34. Rxf3
Rxc4 35. Rxa7 Kg8 $17) 34... Rc7 $17) 33. Qf3 Rxc4 34. Ne5 Rc2+ 35. Kh1 Qd5 $2
(35... Rc5 $1 36. Nc6 (36. Nxf7 Rf5 $19) 36... Rf5 37. Qg2 Rxf1+ 38. Qxf1 a5
$19) 36. Rxa7 $4 (36. Nxf7 $8 Rc7 (36... Rc1 37. Rxc1 Bxc1 38. Rxa7 Re1+ 39.
Kg2 Re2+ 40. Kh3 Qxf3 41. Ng5+ Kg8 42. Nxf3 $14) 37. Nd8 (37. Nd6 Qxd6 38. Qxe4
Qxa3 $19) 37... Bg5 38. f7 Be7 $17) 36... Rxe5 $19 {Schwarz hat eine klare
Figur mehr und steht auf Gewinn.} 37. Qxd5 Rxd5 38. Rxf7+ Kg8 39. Rb7 Rf5 0-1